000 01713nam0a2200373 4500
001 RU\NLR\BIBL_A\011173630
005 20260408160309.0
010 _a978-5-7389-1714-1
_9100
021 _aRU
_b2016-50244
_93219
035 _a(NLR Aleph) 011173630
035 _a(NILC)RuMoRGB-008528381
090 _a11779508
_c11779508
100 _a20160707d2015 k y0rusy50 ca
101 0 _arus
102 _aRU
105 _aa|||z|||000yy
200 1 _aМодифицированный метод двойственности для задачи с препятствием
_fЭ. М. Вихтенко
_gМ-во образования и науки Российской Федерации, Федеральное гос. бюджетное образовательное учреждение высш. проф. образования "Тихоокеанский гос. ун-т"
210 _aХабаровск
_cИзд-во ТОГУ
_d2015
215 _a59 с.
_cил.
_d21
320 _aБиблиогр.: с. 53-59 (58 назв.)
606 1 _aМеханика сплошных сред
_xЗадачи
_xРешение
_xВариационные методы
_92178720
_3RU\NLR\AUTH\661310322
606 1 _aЛагранжа функции
_92252931
_3RU\NLR\AUTH\6601581716
606 _aНеравенства (мат.) вариационные
_3RU\NLR\AUTH\66208070
_91276336
675 _a519.8
686 1 _aВ25с11
686 1 _aВ161.8
686 1 _aВ175.1
700 1 _aВихтенко
_bЭ. М.
_gЭллина Михайловна
801 0 _aRU
_bРГБ
_c20160624
_gRCR
942 _cBOOK
980 _aNBR
980 _aNB